000 00556nam a2200169 4500
999 _c12544
_d12544
008 240219b ||||| |||| 00| 0 eng d
040 _aBMS College of Architecture
100 _aUppar G Aishwarya
245 _aHeritage interpretation center,Halebeedu,Karnataka
300 _a50p
500 _a1CF19AT005
502 _8B,Arch
_NBMS College of Architecture, Visvesvaraya Technological University (VTU)
_aProject report
_d2023
650 _ainterpretation center
700 _aDakshayini R Patil
_eGuide
710 _aSubodh Khandekar
942 _2ddc